000 00322nam a2200133Ia 4500
008 240624s9999 xx 000 0 und d
041 _aeng
082 _a337 KUM
100 _aKUMAR RAJ
245 _aINTERNATIONAL ECONOMICS
260 _c2008
_aNew Delhi
_bExcel Books
300 _a552 : p. : cm. ; 24
365 _cRS
_b35
999 _c12029
_d12029